000 00614nam a2200193Ia 4500
005 20250326144827.0
008 250326s9999 xx 000 0 und d
020 _a0-262-13389-X
037 _aTextbook
040 _aFMSL
_beng
_cFMSL
041 _aeng
_2eng
084 _aX:74obD658(B).1 P1
_qFMSL
100 _aMcknight L W
_9750165
245 0 _aCreative destruction : business survival strategies in the global internet economy
_cMcknight L W And Others
260 _aEngland
_bEngland, MIT
_c2001
300 _axii,288
942 _cTB
_hX:74obD658(B).1 P1
999 _c1305216
_d1305216